| 000 | 00829nam a2200277Ia 4500 | ||
|---|---|---|---|
| 001 | Para_6254 | ||
| 003 | CHAP | ||
| 008 | 220125s1980 xx 000 0 und d | ||
| 010 | _a204997 | ||
| 040 | _cCHAP | ||
| 090 | _aPA FOLLETO 350 | ||
| 110 |
_aInstituto Nacional de Investigaciones Agrícolas (México). CIAN _9167220 |
||
| 245 |
_aLa viruela del algodonero : _b recomendaciones para su control en la Comarca Lagunera / _c por INIA.CIAN |
||
| 260 |
_aMéxico : _b El Instituto |
||
| 300 | _a12 p. | ||
| 440 |
_aCircular CIAN; 85 _9170938 |
||
| 650 |
_aAlgodón _x enfermedades _94006 |
||
| 650 |
_aInsecticidas _958855 |
||
| 901 | _aPA FOLLETO 350 | ||
| 902 | _aA | ||
| 905 | _a0000001980 a 0000000000 00 | ||
| 910 | _a1980 | ||
| 942 | _cPARA | ||
| 942 |
_cPARA _d1 |
||
| 999 |
_c204997 _d204997 |
||